000 00629nam a2200229Ia 4500
999 _c45178
_d45178
001 12001
003 GE_BSU
005 20221121122804.0
008 181216s1999en xx |||||||||||||| ||eng||
020 _a9780552146371x
040 _cGE_BSU
041 _aeng
080 _a821.111-312.4 S-81
100 _aSteel,Danielle
_915963
245 4 _aThe klone and I /
_cDanielle Steel.
264 _aLondon :
_bCorgi Books,
_c1999.
300 _a301 p;
_b18 cm.
653 _aThe klone and I
653 _a კლონი და მე
653 _aმხატვრული ლიტერატურა
942 _cBK
_2udc